|
|
|
|
| LEADER |
00000nas a2200000 a 4500 |
| 001 |
ssj0000561927 |
| 003 |
WaSeSS |
| 005 |
20200512172242.0 |
| 006 |
m d |
| 007 |
cr n |
| 008 |
110619c200u9999ii uu p s | 0eng c |
| 010 |
|
|
|a 2011261111
|
| 022 |
|
|
|a 0976-3899
|l 0973-4600
|
| 035 |
|
|
|a (WaSeSS)ssj0000561927
|
| 040 |
|
|
|a HNK
|b eng
|c HNK
|d HNK
|d OCLCQ
|d OCLCF
|d OCLCO
|d OCLCQ
|d CUS
|d AU@
|d WaSeSS
|
| 042 |
|
|
|a pcc
|
| 050 |
1 |
4 |
|a QA276.A1
|b J63
|
| 210 |
0 |
|
|a J. stat. appl.
|b (online)
|
| 222 |
|
0 |
|a Journal of statistics and applications
|b (online)
|
| 245 |
0 |
0 |
|a Journal of statistics and applications
|h [electronic resource].
|
| 246 |
1 |
|
|a Journal of statistics & applications
|
| 246 |
1 |
|
|a J. stat. & appl
|
| 260 |
|
|
|a New Delhi, India :
|b MD Publications Pvt Ltd.
|
| 506 |
|
|
|a License restrictions may limit access.
|
| 588 |
|
|
|a Description based on: Vol. 5, no. 2 (2010); title from title information screen (ProQuest, viewed June 20, 2011).
|
| 588 |
|
|
|a Latest issue consulted: Vol. 5, no. 2 (2010) (viewed Oct. 3, 2011).
|
| 650 |
|
0 |
|a Statistics
|v Periodicals.
|
| 650 |
|
0 |
|a Mathematical statistics
|v Periodicals.
|
| 650 |
|
7 |
|a Mathematical statistics.
|2 fast
|0 (OCoLC)fst01012127
|
| 650 |
|
7 |
|a Statistics.
|2 fast
|0 (OCoLC)fst01132103
|
| 655 |
|
0 |
|a Electronic journals.
|
| 776 |
0 |
8 |
|i Print version:
|t Journal of statistics and applications
|x 0973-4600
|
| 856 |
4 |
0 |
|z Full text available from Research Library: 04/01/2010 to 07/31/2012
|u https://search.proquest.com/publication/506335
|